Effect of urea levels on growth of celery cabbage under hydroponic condition, (ឥទ្ធិពលនៃកំរិតអ៊ិយរ៉េលើការលូតលាស់ដំណាំស្ពៃចង្កឺះដាំក្នុងលក្ខខណ្ឌ័សូលុយស្យុង) (Record no. 703)

000 -LEADER
fixed length control field 00665nam a22001577a 4500
003 - CONTROL NUMBER IDENTIFIER
control field OSt
005 - DATE AND TIME OF LATEST TRANSACTION
control field 20150918095709.0
008 - FIXED-LENGTH DATA ELEMENTS--GENERAL INFORMATION
fixed length control field 150918b xxu||||| |||| 00| 0 eng d
040 ## - CATALOGING SOURCE
Transcribing agency RUA
082 ## - DEWEY DECIMAL CLASSIFICATION NUMBER
Classification number AGR SAP 2005 B023 Or.1
100 ## - MAIN ENTRY--PERSONAL NAME
9 (RLIN) 730
Personal name SAP, SOTHUN.
245 ## - TITLE STATEMENT
Title Effect of urea levels on growth of celery cabbage under hydroponic condition, (ឥទ្ធិពលនៃកំរិតអ៊ិយរ៉េលើការលូតលាស់ដំណាំស្ពៃចង្កឺះដាំក្នុងលក្ខខណ្ឌ័សូលុយស្យុង)
260 ## - PUBLICATION, DISTRIBUTION, ETC. (IMPRINT)
Place of publication, distribution, etc. Phnom Penh
Name of publisher, distributor, etc. RUA
Date of publication, distribution, etc. 2005
300 ## - PHYSICAL DESCRIPTION
Extent xiv,59p.
Other physical details ill.
Dimensions 29cm.
942 ## - ADDED ENTRY ELEMENTS (KOHA)
Source of classification or shelving scheme
Koha item type AGR
Holdings
Price effective from Date last seen Permanent Location Not for loan Date acquired Source of classification or shelving scheme Koha item type Lost status Withdrawn status Total Renewals Date last checked out Total Checkouts Shelving location Damaged status Barcode Checked out Current Location Full call number
2015-09-182016-02-15Library Block B 2015-09-18 AGR   2016-02-011B032 RUA008656 Library Block BAGR SAP 2005 B032 Or.1
2016-01-252019-04-02Library Block B 2016-01-25 AGR   2019-03-022B032 RUA042287 Library Block BAGR SAP 2005 B023 Or.3
2015-09-182025-02-28Library Block B 2015-09-18 AGR  12025-02-289B032 RUA0087042025-03-19Library Block DAGR SAP 2005 B032 Or.2
មជ្ឈមណ្ឌលឯការនៃសាកលវិទ្យាល័យភូមិន្ទកសិកម្មចំការដូង

Powered by Koha